[Event "CZE-chT2E 2223"]
[Site "Czech Republic"]
[Date "2022.11.20"]
[Round "3.5"]
[White "Mlensky, Dalibor"]
[Black "Moulis, Mojmir"]
[Result "1/2-1/2"]
[WhiteElo "2112"]
[BlackElo "2119"]
[PlyCount "71"]
[EventDate "2022.10.16"]
[EventType "team-tourn"]
[EventRounds "11"]
[EventCountry "CZE"]
[SourceTitle "EXT 2024"]
[Source "ChessBase"]
[SourceDate "2023.10.10"]
[SourceVersion "1"]
[SourceVersionDate "2023.10.10"]
[SourceQuality "1"]
[WhiteTeam "Prusanky Podluzan"]
[BlackTeam "Brno VSK Univ"]
[WhiteTeamCountry "CZE"]
[BlackTeamCountry "CZE"]

1. e4 d6 2. d4 Nf6 3. Nc3 Nbd7 4. g3 e5 5. Bg2 Be7 6. Nge2 c6 7. 0-0 0-0 8. h3 Re8 9. g4 exd4 10. Qxd4 Nc5 11. Ng3 Qc7 12. Be3 b6 13. Rad1 Bb7 14. Nf5 Rad8 15. g5 Ne6 16. Qa4 Nd7 17. Nxe7+ Rxe7 18. b4 Ne5 19. Qb3 Ng6 20. f4 d5 21. f5 Nh4 22. fxe6 Qg3 23. Rf2 Nxg2 24. Rxg2 Qxe3+ 25. Kh2 Qf4+ 26. Kg1 Rxe6 27. exd5 cxd5 28. Ne2 Qh4 29. Rg4 Qxg4+ 30. hxg4 Rxe2 31. Rf1 Rde8 32. Rf2 Re1+ 33. Rf1 R1e3 34. Qa4 d4 35. Rf2 R3e7 36. Qxa7 1/2-1/2

[Event "CZE-chT2E 2122"]
[Site "Czech Republic"]
[Date "2022.02.13"]
[Round "8.6"]
[White "Moulis, Mojmir"]
[Black "Travnicek, Petr"]
[Result "1-0"]
[WhiteElo "2101"]
[BlackElo "2125"]
[PlyCount "91"]
[EventDate "2021.10.17"]
[EventType "team-tourn"]
[EventRounds "11"]
[EventCountry "CZE"]
[SourceTitle "EXT 2024"]
[Source "ChessBase"]
[SourceDate "2023.10.10"]
[SourceVersion "1"]
[SourceVersionDate "2023.10.10"]
[SourceQuality "1"]
[WhiteTeam "Brno VSK Univ"]
[BlackTeam "Prusanky Podluzan"]
[WhiteTeamCountry "CZE"]
[BlackTeamCountry "CZE"]

1. e4 c5 2. Nf3 Nc6 3. d4 cxd4 4. Nxd4 Nf6 5. Nc3 e5 6. Nf3 Bb4 7. Bd3 d5 8. exd5 Qxd5 9. 0-0 Bxc3 10. bxc3 0-0 11. c4 Qa5 12. Bd2 Qc7 13. Ng5 Re8 14. Re1 Bd7 15. Rb1 Rad8 16. Qf3 Bc8 17. Qg3 Nd4 18. Bc3 b6 19. Rbd1 Qc5 20. Nf3 Nxf3+ 21. gxf3 Nd7 22. f4 f6 23. fxe5 Nxe5 24. Bxe5 fxe5 25. Bxh7+ Kxh7 26. Qh4+ Kg6 27. Rxd8 Rxd8 28. Qxd8 Bb7 29. Qe8+ Kf6 30. Qd8+ Kg6 31. Re3 Qc6 32. Rg3+ Kh7 33. Rh3+ Kg6 34. Rg3+ Kh7 35. Rh3+ Kg6 36. Qd3+ Kf6 37. f3 Ba6 38. Rh4 Bb7 39. Kg2 Qe6 40. Qd8+ Kg6 41. Qd3+ Kg5 42. Kg3 e4 43. f4+ Kg6 44. Qd4 Kf7 45. Rg4 g6 46. f5 1-0

[Event "CZE-chT2E 2122"]
[Site "Czech Republic"]
[Date "2022.01.16"]
[Round "6.4"]
[White "Moulis, Mojmir"]
[Black "Zvolanek, Libor"]
[Result "1/2-1/2"]
[WhiteElo "2101"]
[BlackElo "2133"]
[PlyCount "134"]
[EventDate "2021.10.17"]
[EventType "team-tourn"]
[EventRounds "11"]
[EventCountry "CZE"]
[SourceTitle "EXT 2024"]
[Source "ChessBase"]
[SourceDate "2023.10.10"]
[SourceVersion "1"]
[SourceVersionDate "2023.10.10"]
[SourceQuality "1"]
[WhiteTeam "Brno VSK Univ"]
[BlackTeam "Kromeriz Slavia II"]
[WhiteTeamCountry "CZE"]
[BlackTeamCountry "CZE"]

1. e4 Nf6 2. d3 d5 3. Nd2 e6 4. Ngf3 b6 5. e5 Nfd7 6. d4 c5 7. c3 Ba6 8. Bxa6 Nxa6 9. Qe2 Nc7 10. 0-0 Be7 11. Rd1 0-0 12. Nf1 f5 13. exf6 Bxf6 14. Ng3 Qe7 15. Bf4 Rac8 16. Be5 Nxe5 17. Nxe5 Ne8 18. Re1 cxd4 19. cxd4 Nd6 20. Rac1 Kh8 21. Qh5 Bxe5 22. Qxe5 Rxc1 23. Rxc1 Nc4 24. Qe2 Qg5 25. Rc2 Qf4 26. b3 Na3 27. Rd2 Nb5 28. Qe3 Qxe3 29. fxe3 Rc8 30. Ne2 Nd6 31. g3 Ne4 32. Rb2 Kg8 33. Nf4 Kf7 34. Nd3 Kf6 35. Kf1 Kf5 36. Ne5 h5 37. Ke2 Rc1 38. a4 Rh1 39. Kf3 Rf1+ 40. Kg2 Re1 41. Kf3 g5 42. h3 g4+ 43. hxg4+ hxg4+ 44. Nxg4 Rg1 45. Nh6+ Kg6 46. Ng4 Kg5 47. Nf2 Rxg3+ 48. Ke2 Rg2 49. Kf1 Rxf2+ 50. Rxf2 Nxf2 51. Kxf2 Kf5 52. Kf3 e5 53. dxe5 Kxe5 54. Ke2 a6 55. Kd2 Ke4 56. Ke2 b5 57. axb5 axb5 58. b4 d4 59. exd4 Kxd4 60. Kd2 Kc4 61. Kc2 Kxb4 62. Kb2 Kc4 63. Kc2 b4 64. Kb2 b3 65. Kb1 Kc3 66. Kc1 b2+ 67. Kb1 Kb3 1/2-1/2

[Event "CZE-chT2E 1920"]
[Site "Czech Republic"]
[Date "2020.06.27"]
[Round "10.6"]
[White "Volak, Simon"]
[Black "Moulis, Mojmir"]
[Result "0-1"]
[WhiteElo "1938"]
[BlackElo "2085"]
[PlyCount "100"]
[EventDate "2019.10.13"]
[EventType "team-tourn"]
[EventRounds "11"]
[EventCountry "CZE"]
[SourceTitle "EXT 2024"]
[Source "ChessBase"]
[SourceDate "2023.10.10"]
[SourceVersion "1"]
[SourceVersionDate "2023.10.10"]
[SourceQuality "1"]
[WhiteTeam "Brno Lokomotiva"]
[BlackTeam "Orechov Orel"]
[WhiteTeamCountry "CZE"]
[BlackTeamCountry "CZE"]

1. e4 d6 2. d4 Nf6 3. Nc3 Nbd7 4. Nf3 e5 5. Bc4 Be7 6. a4 0-0 7. 0-0 c6 8. Re1 Qc7 9. b3 exd4 10. Nxd4 Nc5 11. Be2 Bd7 12. Bb2 Rad8 13. Qd2 Bc8 14. Rad1 Rfe8 15. Nf3 Ncd7 16. h3 h6 17. Bd3 Nc5 18. Re2 Nfd7 19. Ne1 Ne6 20. Nf3 Ne5 21. Qe3 Nxf3+ 22. Qxf3 Nd4 23. Qg3 Nxe2+ 24. Nxe2 Bf8 25. Nf4 d5 26. e5 d4 27. Ne2 c5 28. f4 Be6 29. Bc1 Bd5 30. Kh2 a6 31. Ng1 Qc6 32. Nf3 Be4 33. f5 Bxf3 34. gxf3 Rxe5 35. Bf4 Ree8 36. Be4 Rxe4 37. fxe4 Qxe4 38. Rd2 Qxf5 39. Rf2 Qe6 40. Rg2 g6 41. Qh4 Re8 42. Bxh6 Bxh6 43. Qxh6 Qd6+ 44. Kg1 Re1+ 45. Kf2 Qe6 46. Qd2 Re3 47. Rg3 Rxg3 48. Kxg3 Qe3+ 49. Qxe3 dxe3 50. h4 f5 0-1

[Event "CZE-chT2E 1920"]
[Site "Czech Republic"]
[Date "2020.02.23"]
[Round "9.5"]
[White "Hosek, Martin"]
[Black "Moulis, Mojmir"]
[Result "0-1"]
[WhiteElo "2152"]
[BlackElo "2085"]
[PlyCount "108"]
[EventDate "2019.10.13"]
[EventType "team-tourn"]
[EventRounds "11"]
[EventCountry "CZE"]
[SourceTitle "EXT 2024"]
[Source "ChessBase"]
[SourceDate "2023.10.10"]
[SourceVersion "1"]
[SourceVersionDate "2023.10.10"]
[SourceQuality "1"]
[WhiteTeam "Jundrov Jezdci"]
[BlackTeam "Orechov Orel"]
[WhiteTeamCountry "CZE"]
[BlackTeamCountry "CZE"]

1. d4 c5 2. d5 e6 3. c4 exd5 4. cxd5 d6 5. Nc3 Nf6 6. Nf3 g6 7. Nd2 Nbd7 8. e4 Bg7 9. Be2 0-0 10. 0-0 Re8 11. f4 h5 12. a4 c4 13. h3 Nc5 14. Qc2 Nb3 15. Nxb3 cxb3 16. Qd3 Nxe4 17. Nxe4 Bf5 18. Bf3 Qb6+ 19. Kh2 Qb4 20. Qd2 Rxe4 21. Bxe4 Qxd2 22. Bxd2 Bxe4 23. Rae1 Bxd5 24. Rf2 Bxb2 25. Bb4 Bf6 26. Bxd6 Rc8 27. Be5 Kg7 28. Rd2 Be6 29. Re3 b6 30. Kg3 Rc5 31. Kf2 Bxe5 32. fxe5 Ra5 33. Re4 b5 34. axb5 Rxb5 35. Rb2 a5 36. g4 hxg4 37. hxg4 Kh6 38. Ke3 Kg5 39. Kd3 Rb4 40. Rxb4 axb4 41. Rg2 Kf4 42. Kd4 Bxg4 43. Rf2+ Bf3 44. Kc4 g5 45. Kxb3 g4 46. Kxb4 g3 47. Rf1 g2 48. Rc1 Bd5 49. Kc3 Ke3 50. Rb1 Be6 51. Rc1 Kf2 52. Rc2+ Kg3 53. Rc1 Kh2 54. Rc2 Kh1 0-1

[Event "CZE-chT2E 1920"]
[Site "Czech Republic"]
[Date "2019.11.17"]
[Round "3.3"]
[White "Moulis, Mojmir"]
[Black "Bazant, Petr Sr"]
[Result "1/2-1/2"]
[WhiteElo "2085"]
[BlackElo "2228"]
[PlyCount "81"]
[EventDate "2019.10.13"]
[EventType "team-tourn"]
[EventRounds "11"]
[EventCountry "CZE"]
[SourceTitle "EXT 2024"]
[Source "ChessBase"]
[SourceDate "2023.10.10"]
[SourceVersion "1"]
[SourceVersionDate "2023.10.10"]
[SourceQuality "1"]
[WhiteTeam "Orechov Orel"]
[BlackTeam "Stare Mesto II"]
[WhiteTeamCountry "CZE"]
[BlackTeamCountry "CZE"]

1. e4 c5 2. Nf3 Nf6 3. Nc3 Nc6 4. d4 d5 5. exd5 Nxd5 6. Nxd5 Qxd5 7. dxc5 Qxd1+ 8. Kxd1 e5 9. Be3 Bg4 10. Kc1 f5 11. Bb5 Bxf3 12. gxf3 f4 13. Bd2 Bxc5 14. Re1 0-0 15. Bxc6 bxc6 16. Rxe5 Bxf2 17. Bc3 Rad8 18. b3 Rfe8 19. Kb2 Rxe5 20. Bxe5 Re8 21. Rf1 Be3 22. Bc3 Rd8 23. Re1 Kf7 24. b4 g5 25. Kb3 h5 26. h3 Rd5 27. Kc4 Ke6 28. a4 a6 29. Ra1 Kf5 30. b5 axb5+ 31. axb5 Rc5+ 32. Kd3 Rxb5 33. Ra8 Rd5+ 34. Kc4 Ke6 35. Rg8 Rf5 36. Rg6+ Kd7 37. Bf6 Rc5+ 38. Kd3 Rd5+ 39. Ke4 Rd6 40. Rg7+ Ke6 41. Bc3 1/2-1/2

[Event "CZE-chT2D 1819"]
[Site "Czech Republic"]
[Date "2018.11.04"]
[Round "2.4"]
[White "Richterova, Julie"]
[Black "Moulis, Mojmir"]
[Result "0-1"]
[WhiteElo "1769"]
[BlackElo "2062"]
[PlyCount "66"]
[EventDate "2018.10.14"]
[EventType "team-tourn"]
[EventRounds "11"]
[EventCountry "CZE"]
[SourceTitle "EXT 2022"]
[Source "ChessBase"]
[SourceDate "2021.10.06"]
[SourceVersion "1"]
[SourceVersionDate "2021.10.06"]
[SourceQuality "1"]
[WhiteTeam "Namest nad Oslavou"]
[BlackTeam "Orechov"]
[WhiteTeamCountry "CZE"]
[BlackTeamCountry "CZE"]

1. d4 d5 2. c4 e6 3. Nc3 Nf6 4. cxd5 exd5 5. Bg5 Be7 6. e3 c6 7. Bd3 Bg4 8. Qc2 Bh5 9. Rb1 a5 10. a3 Na6 11. Nge2 Bg6 12. Nf4 Bxd3 13. Nxd3 0-0 14. 0-0 Ne8 15. Bxe7 Qxe7 16. b4 axb4 17. axb4 b5 18. Rfc1 Nd6 19. Ne5 Nc4 20. Nxc4 dxc4 21. Qb2 Nc7 22. e4 Rfd8 23. Rd1 Qf6 24. Qd2 Ra3 25. e5 Qe7 26. Qc2 Nd5 27. Nxd5 Rxd5 28. Qe4 Ra4 29. Qe1 Qd7 30. Qc3 h6 31. f4 Qa7 32. Rd2 Ra3 33. Qb2 c3 0-1

[Event "CZE-chT2D 1819"]
[Site "Czech Republic"]
[Date "2018.10.14"]
[Round "1.5"]
[White "Sykora, Josef"]
[Black "Moulis, Mojmir"]
[Result "1/2-1/2"]
[WhiteElo "2058"]
[BlackElo "2062"]
[PlyCount "29"]
[EventDate "2018.10.14"]
[EventType "team-tourn"]
[EventRounds "11"]
[EventCountry "CZE"]
[SourceTitle "EXT 2022"]
[Source "ChessBase"]
[SourceDate "2021.10.06"]
[SourceVersion "1"]
[SourceVersionDate "2021.10.06"]
[SourceQuality "1"]
[WhiteTeam "Pardubice Rapid"]
[BlackTeam "Orechov"]
[WhiteTeamCountry "CZE"]
[BlackTeamCountry "CZE"]

1. c4 e5 2. g3 Nf6 3. Bg2 g6 4. Nc3 Bg7 5. e3 0-0 6. Nge2 c6 7. d4 exd4 8. Nxd4 d5 9. cxd5 Nxd5 10. Nxd5 cxd5 11. 0-0 Nc6 12. Qb3 Nxd4 13. exd4 Be6 14. Be3 Qd7 15. Rac1 1/2-1/2

[Event "CZE-chT2E 1516"]
[Site "Czech Republic"]
[Date "2016.03.13"]
[Round "9.4"]
[White "Moulis, Mojmir"]
[Black "Sykora, Jan"]
[Result "1/2-1/2"]
[WhiteElo "2088"]
[BlackElo "2054"]
[PlyCount "153"]
[EventDate "2015.10.18"]
[EventType "team-tourn"]
[EventRounds "11"]
[EventCountry "CZE"]
[SourceTitle "EXT 2022"]
[Source "ChessBase"]
[SourceDate "2021.10.06"]
[SourceVersion "1"]
[SourceVersionDate "2021.10.06"]
[SourceQuality "1"]
[WhiteTeam "Orechov"]
[BlackTeam "Prostejov"]
[WhiteTeamCountry "CZE"]
[BlackTeamCountry "CZE"]

1. e4 e5 2. Nf3 Nc6 3. Bb5 a6 4. Ba4 d6 5. c3 f5 6. d3 Nf6 7. Nbd2 Be7 8. Bb3 Na5 9. Ng5 Nxb3 10. Qxb3 d5 11. exd5 Qxd5 12. Qxd5 Nxd5 13. Nc4 Bf6 14. 0-0 0-0 15. Re1 Re8 16. Nf3 e4 17. dxe4 fxe4 18. Nd4 b5 19. Nd2 c5 20. N4b3 c4 21. Nd4 Bxd4 22. cxd4 Bf5 23. Nf1 Nb4 24. Ne3 Bg6 25. a4 Nd3 26. Rf1 Rac8 27. h3 Red8 28. Nc2 b4 29. Bd2 a5 30. Rfb1 Rd5 31. Be3 c3 32. bxc3 Rxc3 33. Ne1 Rd8 34. Kh2 Kf7 35. Kg1 Ke6 36. Kf1 Kd5 37. Ke2 Rdc8 38. Ra2 Nxe1 39. Kxe1 Rc2 40. Raa1 Be8 41. Rb3 R8c3 42. Rxc3 bxc3 43. Bg5 Rb2 44. Bd8 c2 45. Rc1 Bxa4 46. Bxa5 Kxd4 47. Bd2 Kd3 48. Be3 Rb1 49. h4 h5 50. Bd2 g6 51. g3 Bb5 52. Bh6 Ba4 53. Bd2 Bd7 54. Bh6 Bg4 55. Bd2 Bd1 56. Bh6 Rb7 57. Bd2 Kc4 58. Bg5 Kb3 59. Ra1 Rd7 60. Ra8 Bf3 61. Bd2 Rd3 62. Rb8+ Ka2 63. Ra8+ Kb3 64. Rb8+ Ka2 65. Ra8+ Kb2 66. Rb8+ Rb3 67. Rxb3+ Kxb3 68. Bc1 Kc3 69. Ba3 Kd3 70. Bc1 Kc3 71. Ba3 Kb3 72. Bc1 Ka2 73. Kd2 Bd1 74. Ke1 Kb1 75. Kd2 Be2 76. Ba3 Bd3 77. Bc1 1/2-1/2

[Event "CZE-chT2E 1516"]
[Site "Czech Republic"]
[Date "2016.02.21"]
[Round "8.5"]
[White "Moulis, Mojmir"]
[Black "Hajek, Oskar"]
[Result "1/2-1/2"]
[WhiteElo "2088"]
[BlackElo "2134"]
[PlyCount "96"]
[EventDate "2015.10.18"]
[EventType "team-tourn"]
[EventRounds "11"]
[EventCountry "CZE"]
[SourceTitle "EXT 2022"]
[Source "ChessBase"]
[SourceDate "2021.10.06"]
[SourceVersion "1"]
[SourceVersionDate "2021.10.06"]
[SourceQuality "1"]
[WhiteTeam "Orechov"]
[BlackTeam "Prusanky Podluzan"]
[WhiteTeamCountry "CZE"]
[BlackTeamCountry "CZE"]

1. e4 d6 2. d4 Nf6 3. Nc3 e5 4. dxe5 dxe5 5. Qxd8+ Kxd8 6. Bg5 Be6 7. 0-0-0+ Nbd7 8. Nf3 Bd6 9. Nd2 a6 10. Nc4 Ke7 11. Nxd6 cxd6 12. Be2 h6 13. Bh4 g5 14. Bg3 b5 15. f3 Rhc8 16. Kb1 Nc5 17. Rd2 b4 18. Nd1 a5 19. Ne3 a4 20. Rhd1 Rc6 21. Nd5+ Bxd5 22. exd5 Rcc8 23. Bf2 Nh5 24. g3 Nf6 25. Bb5 g4 26. Bc6 Ra5 27. Bxc5 Rxc5 28. fxg4 a3 29. h3 axb2 30. Kxb2 Ne4 31. Rg2 Nc3 32. Rd3 Ra5 33. Rf2 Rxa2+ 34. Kb3 Rb8 35. Rdf3 Ra3+ 36. Kc4 Kf8 37. Rxf7+ Kg8 38. Rb7 Rxb7 39. Bxb7 Ne4 40. Rg2 Ra2 41. Bc6 Rb2 42. Rg1 Nd2+ 43. Kd3 Nf3 44. Ra1 Nd4 45. Ra8+ Kf7 46. Ba4 Rb1 47. Ra7+ Kf8 48. Ra8+ Kf7 1/2-1/2

[Event "CZE-chT2E 1516"]
[Site "Czech Republic"]
[Date "2016.01.24"]
[Round "6.4"]
[White "Ruzicka, Josef"]
[Black "Moulis, Mojmir"]
[Result "1-0"]
[WhiteElo "2211"]
[BlackElo "2088"]
[PlyCount "59"]
[EventDate "2015.10.18"]
[EventType "team-tourn"]
[EventRounds "11"]
[EventCountry "CZE"]
[SourceTitle "EXT 2022"]
[Source "ChessBase"]
[SourceDate "2021.10.06"]
[SourceVersion "1"]
[SourceVersionDate "2021.10.06"]
[SourceQuality "1"]
[WhiteTeam "Dalesice Pivovar"]
[BlackTeam "Orechov"]
[WhiteTeamCountry "CZE"]
[BlackTeamCountry "CZE"]

1. d4 d5 2. c4 e6 3. Nc3 Nf6 4. Bg5 Be7 5. e3 c6 6. Nf3 Nbd7 7. Rc1 0-0 8. Bd3 dxc4 9. Bxc4 b5 10. Bb3 Bb7 11. 0-0 Re8 12. Qe2 Qb6 13. Rfd1 Ba6 14. Qe1 Bb4 15. a3 Ba5 16. Bc2 b4 17. axb4 Bxb4 18. e4 c5 19. e5 Bxc3 20. bxc3 Nd5 21. Ba4 Qc7 22. Bxd7 Qxd7 23. c4 Nc7 24. Qa5 cxd4 25. Nxd4 Bb7 26. f3 Na6 27. Rb1 h6 28. Be3 Qe7 29. Nb5 Reb8 30. Nd6 1-0

[Event "CZE-chT2E 1415"]
[Site "Czech Republic"]
[Date "2015.02.22"]
[Round "8.5"]
[White "Moulis, Mojmir"]
[Black "Balazec, Ludovit"]
[Result "1-0"]
[WhiteElo "2070"]
[BlackElo "1930"]
[PlyCount "67"]
[EventDate "2014.11.02"]
[EventType "team-tourn"]
[EventRounds "11"]
[EventCountry "CZE"]
[SourceTitle "EXT 2022"]
[Source "ChessBase"]
[SourceDate "2021.10.06"]
[SourceVersion "1"]
[SourceVersionDate "2021.10.06"]
[SourceQuality "1"]
[WhiteTeam "Orechov"]
[BlackTeam "Zlin II"]
[WhiteTeamCountry "CZE"]
[BlackTeamCountry "CZE"]

1. e4 c5 2. Nf3 d6 3. d4 cxd4 4. Nxd4 Nf6 5. Nc3 a6 6. Bc4 Nbd7 7. a3 Qc7 8. Ba2 b5 9. 0-0 Bb7 10. Re1 g6 11. Bg5 Bg7 12. Nd5 Nxd5 13. exd5 Nf6 14. c3 0-0 15. Nc2 Rae8 16. Qd2 h5 17. h3 Kh7 18. Re2 Ng8 19. Rae1 f6 20. Bf4 f5 21. Nd4 Bxd4 22. Qxd4 Rf7 23. Bg5 Rc8 24. Qh4 Qc5 25. Be3 Qc7 26. Bd4 e5 27. dxe6 Re7 28. f3 Qc6 29. Re3 Rce8 30. g4 fxg4 31. hxg4 Nh6 32. gxh5 g5 33. Bb1+ Nf5 34. Qxg5 1-0

[Event "CZE-chT2E 1415"]
[Site "Czech Republic"]
[Date "2014.11.30"]
[Round "3.5"]
[White "Moulis, Mojmir"]
[Black "Navratilik, Pavel"]
[Result "1/2-1/2"]
[WhiteElo "2070"]
[BlackElo "2100"]
[PlyCount "113"]
[EventDate "2014.11.02"]
[EventType "team-tourn"]
[EventRounds "11"]
[EventCountry "CZE"]
[SourceTitle "EXT 2022"]
[Source "ChessBase"]
[SourceDate "2021.10.06"]
[SourceVersion "1"]
[SourceVersionDate "2021.10.06"]
[SourceQuality "1"]
[WhiteTeam "Orechov"]
[BlackTeam "Postoupky"]
[WhiteTeamCountry "CZE"]
[BlackTeamCountry "CZE"]

1. e4 c5 2. Nf3 d6 3. d4 cxd4 4. Nxd4 Nf6 5. Nc3 a6 6. Be2 e5 7. Nb3 Be7 8. 0-0 0-0 9. Bf3 Be6 10. Qe2 b5 11. Rd1 Bc4 12. Qe1 Nbd7 13. Nd2 Be6 14. Nf1 Rc8 15. Ne3 Nc5 16. Ned5 Nxd5 17. Nxd5 f5 18. exf5 Bxf5 19. Nxe7+ Qxe7 20. Bd5+ Kh8 21. Qe2 Qf6 22. Be3 Qg6 23. Rac1 h6 24. Kh1 Ne6 25. c3 Nc5 26. Rd2 Nd3 27. Rcd1 e4 28. f3 Ne5 29. Bxe4 Bxe4 30. fxe4 Qxe4 31. Rd4 Qf5 32. h3 Nc4 33. Bf4 Rce8 34. Qd3 Nxb2 35. Qxf5 Rxf5 36. Rg1 Nc4 37. Bxd6 Re2 38. a3 Ra2 39. Be7 Nxa3 40. Rgd1 Rff2 41. Rg4 Nc4 42. Rd8+ Kh7 43. Bc5 Rf7 44. Re8 Nd2 45. h4 Ra1+ 46. Kh2 Nb3 47. Bd6 Rd1 48. Ba3 Rd5 49. Ra8 a5 50. Re4 a4 51. Ree8 Nc5 52. g4 h5 53. Rh8+ Kg6 54. Rxh5 Rd2+ 55. Kg1 Rd1+ 56. Kg2 Rd2+ 57. Kg1 1/2-1/2

[Event "CZE-chT1E 0607"]
[Site "Czech Republic"]
[Date "2007.02.04"]
[Round "7.8"]
[White "Kubicek, Robert"]
[Black "Moulis, Mojmir"]
[Result "1-0"]
[WhiteElo "2143"]
[BlackElo "2089"]
[PlyCount "85"]
[EventDate "2006.10.15"]
[EventType "team"]
[EventRounds "11"]
[EventCountry "CZE"]
[SourceTitle "EXT 2008"]
[Source "ChessBase"]
[SourceDate "2007.11.25"]
[SourceVersion "1"]
[SourceVersionDate "2007.11.25"]
[SourceQuality "1"]

1. c4 c5 2. Nc3 Nc6 3. Nf3 g6 4. g3 Bg7 5. Bg2 Nf6 6. 0-0 0-0 7. d4 cxd4 8. Nxd4 Ne5 9. b3 d6 10. Bb2 a6 11. Qd2 Qc7 12. Rac1 Bd7 13. Rfd1 Rac8 14. h3 Qb6 15. e3 Rfd8 16. g4 Bc6 17. g5 Nh5 18. f4 Nd7 19. Nd5 Bxd5 20. cxd5 Ng3 21. Kf2 Nf5 22. Nxf5 gxf5 23. Bxg7 Kxg7 24. Qd4+ Qxd4 25. exd4 Nb6 26. h4 Rxc1 27. Rxc1 Rc8 28. Rxc8 Nxc8 29. h5 Na7 30. a4 a5 31. Bh3 e6 32. dxe6 fxe6 33. d5 Kf7 34. dxe6+ Kxe6 35. h6 Nc8 36. g6 Ne7 37. gxh7 Ng6 38. Ke3 b6 39. Kd4 d5 40. Bg2 Kd6 41. Bxd5 Nh8 42. Bc4 Ng6 43. Bd3 1-0

[Event "CZE-chT2d 0405"]
[Site "Czech Republic"]
[Date "2005.??.??"]
[Round "11"]
[White "Pochyly, Jan"]
[Black "Moulis, Mojmir"]
[Result "0-1"]
[WhiteElo "2020"]
[BlackElo "2105"]
[PlyCount "36"]
[EventDate "2004.10.??"]
[EventType "team"]
[EventRounds "11"]
[EventCountry "CZE"]
[SourceTitle "EXT 2007"]
[Source "ChessBase"]
[SourceDate "2006.11.23"]
[SourceVersion "1"]
[SourceVersionDate "2006.11.23"]
[SourceQuality "1"]

1. e4 e5 2. Nc3 Bc5 3. Bc4 Nf6 4. d3 d6 5. Nf3 c6 6. a4 Nbd7 7. 0-0 0-0 8. d4 exd4 9. Nxd4 Re8 10. f3 d5 11. exd5 cxd5 12. Bb3 Qb6 13. Ncb5 a6 14. Kh1 axb5 15. Nxb5 Ne5 16. Bf4 Bd7 17. Nc3 Bc6 18. Qd2 Nc4 0-1

[Event "Morava-chT 9899"]
[Site "Czech Republic"]
[Date "1999.??.??"]
[Round "7"]
[White "Moulis, Mojmir"]
[Black "Vavra, Pavel"]
[Result "0-1"]
[WhiteElo "2190"]
[BlackElo "2340"]
[PlyCount "76"]
[EventDate "1998.??.??"]
[EventType "team-tourn"]
[EventRounds "11"]
[EventCountry "CZE"]
[SourceTitle "EXT 2000"]
[Source "ChessBase"]
[SourceDate "1999.11.16"]
[SourceVersion "1"]
[SourceVersionDate "1999.11.16"]
[SourceQuality "1"]

1. e4 c5 2. Nf3 e6 3. d4 cxd4 4. Nxd4 a6 5. Nc3 Qc7 6. Be2 Nf6 7. a3 Nc6 8. Be3 b5 9. 0-0 Bb7 10. f4 Nxd4 11. Qxd4 Rc8 12. Bf3 d6 13. Rad1 e5 14. Qd3 Be7 15. Rd2 0-0 16. Nd5 Bxd5 17. exd5 exf4 18. Bxf4 Nd7 19. Be4 g6 20. Qg3 f5 21. Bf3 Ne5 22. Re1 Bf6 23. Rde2 Rfe8 24. Kh1 Qg7 25. Bc1 Qe7 26. Qf4 Qf7 27. b3 Rc5 28. Bb2 Rcc8 29. Bc1 Bg7 30. Be3 Nxf3 31. Qxf3 Re4 32. Bf4 Qxd5 33. Rxe4 fxe4 34. Rxe4 Qf7 35. Qe2 d5 36. Re7 Qxf4 37. Qe6+ Kf8 38. h3 Qf6 0-1